Представление документа в формате RUSMARC

ПолеНазваниеЗначение
  Тип записи a
  Библиографический уровень a
001 Контрольный номер RU/CBS_UL/BASE/ca29e78d7aa14b4dbd153b8204d4a254
005 Дата корректировки 20260415110107.9
100 Данные общей обработки __
a Данные общей обработки 20260415 ||| 0rusy0189 ca
101 Язык документа 0_
a Язык текста rus
102 Страна публикации __
a Страна публикации RU
200 Заглавие и сведения об ответственности 1_
a Заглавие Нужно видеть характер
e Сведения, относящиеся к заглавию [художник Никас Сафронов, отметивший своё 70-летие, о женщинах, детях и мистике искусства]
g Последующие сведения об ответственности по материалам "Вечерней Москвы"
300 Общие примечания __
a Общие примечания 16+
461 Уровень набора _0
1 2000
a Народная газета
463 Уровень физической единицы _0
1 2000
a № 15 (15 апр.)
v С. 24
1 2101
d 2026
1 001RU/CBS_UL/BASE/925efb36cb2c457fb7766c64fbc38d86
600 Персоналии _1
a Персоналии (Фамилия) Сафронов
b Персоналии (Имя, инициалы) Н. С.
606 Тематические рубрики 0_
a Основная рубрика Сафронов, Никас Степанович (1956) - Интервью
610 Ключевые слова 0_
a Ключевые слова российские художники; российские живописцы; живописцы; художники; знаменитые ульяновцы; Заслуженные художники Российской Федерации; народные художники Российской Федерации
686 Индексы других классификаций __
a Классификационный индекс 85.143(2)
801 Источник записи _0
a Страна RU
b Организация МБУК ЦБС г. Ульяновска
c Дата составления 20260415
g Правила каталогизации RCR
801 Источник записи _1
a Страна RU
b Организация МБУК ЦБС г. Ульяновска
c Дата составления 20260415
g Правила каталогизации RCR
901 Тип документа __
t Тип документа f
w Контрольный № источника RU/CBS_UL/BASE/925efb36cb2c457fb7766c64fbc38d86
909 Создатель записи __
a Создатель записи mbo